[Event "COL-ch Visually impaired (Women)"]
[Site "Cartagena"]
[Date "2019.12.06"]
[Round "1.6"]
[White "Munera Garcia, Lina Marcela"]
[Black "Berrio Suarez, Yina Patricia"]
[Result "0-1"]
[WhiteElo "1259"]
[BlackElo "1263"]
[PlyCount "78"]
[EventDate "2019.12.06"]
[EventType "swiss (rapid)"]
[EventRounds "5"]
[EventCountry "COL"]
[SourceTitle "EXT 2024"]
[Source "ChessBase"]
[SourceDate "2023.10.10"]
[SourceVersion "1"]
[SourceVersionDate "2023.10.10"]
[SourceQuality "1"]

1. e4 e5 2. Nf3 Nc6 3. Nc3 d6 4. Bc4 Be7 5. 0-0 Nf6 6. h3 0-0 7. d3 h6 8. b3 a6 9. a4 Na7 10. Bb2 Bd7 11. d4 Bc6 12. d5 Bd7 13. Be2 c6 14. Qd2 cxd5 15. Nxd5 Nxd5 16. Qxd5 Qc7 17. Rac1 Be6 18. Qd2 Rad8 19. Qe3 Nc6 20. Rfd1 Bf6 21. c4 b6 22. c5 bxc5 23. Rxd6 Qxd6 24. Bxa6 Nb4 25. Be2 Nc6 26. Ba3 Qb8 27. Bxc5 Rfe8 28. Bb5 Rc8 29. Bc4 Bxc4 30. Rxc4 Na5 31. Rb4 Qc7 32. Bb6 Qc1+ 33. Qxc1 Rxc1+ 34. Kh2 Nc6 35. Be3 Nxb4 36. Bxc1 Rc8 37. Bb2 Nd3 38. Kg3 Nxb2 39. Kh2 Nd3 0-1

[Event "Medellin op 2nd"]
[Site "Medellin"]
[Date "2019.05.11"]
[Round "5.2"]
[White "Berrio Suarez, Yina Patricia"]
[Black "Franco, Yolima"]
[Result "1-0"]
[WhiteElo "1325"]
[BlackElo "1574"]
[PlyCount "47"]
[EventDate "2019.05.08"]
[EventType "swiss"]
[EventRounds "6"]
[EventCountry "COL"]
[SourceTitle "EXT 2024"]
[Source "ChessBase"]
[SourceDate "2023.10.10"]
[SourceVersion "1"]
[SourceVersionDate "2023.10.10"]
[SourceQuality "1"]

1. e4 c5 2. Nf3 Nc6 3. c3 e5 4. d4 cxd4 5. cxd4 exd4 6. Nxd4 Nf6 7. Nc3 Bb4 8. Nxc6 Bxc3+ 9. bxc3 bxc6 10. Bd3 d5 11. e5 Ng4 12. Bf4 0-0 13. 0-0 Re8 14. Re1 Qb6 15. Bg3 Re6 16. Qxg4 Rxe5 17. Qh4 g5 18. Qxh7+ Kf8 19. Rxe5 Be6 20. Qh8+ Ke7 21. Qxa8 c5 22. Rb1 Qa5 23. Rb7+ Kf6 24. Qh8# 1-0

[Event "Medellin op 2nd"]
[Site "Medellin"]
[Date "2019.05.09"]
[Round "2.4"]
[White "Berrio Suarez, Yina Patricia"]
[Black "Vasquez Zambrano, Alejandra"]
[Result "1-0"]
[WhiteElo "1325"]
[BlackElo "1627"]
[PlyCount "75"]
[EventDate "2019.05.08"]
[EventType "swiss"]
[EventRounds "6"]
[EventCountry "COL"]
[SourceTitle "EXT 2024"]
[Source "ChessBase"]
[SourceDate "2023.10.10"]
[SourceVersion "1"]
[SourceVersionDate "2023.10.10"]
[SourceQuality "1"]

1. e4 e5 2. Nf3 Qe7 3. Bc4 g6 4. 0-0 Nf6 5. d3 Bg7 6. Nc3 c6 7. a4 d6 8. h3 Nbd7 9. Bg5 h6 10. Bh4 g5 11. Bg3 Nh5 12. Bh2 Ndf6 13. Re1 g4 14. Nh4 Qf8 15. hxg4 Nxg4 16. Nf5 Bd7 17. Qxg4 Nf6 18. Qxg7 Qxg7 19. Nxg7+ Kf8 20. Nf5 Bxf5 21. exf5 Ke7 22. Ne4 Rag8 23. Nxf6 Kxf6 24. b4 h5 25. f4 Re8 26. fxe5+ dxe5 27. d4 e4 28. Be5+ Kxf5 29. Bxh8 Rxh8 30. Bxf7 h4 31. c4 Rf8 32. Bh5 Rg8 33. b5 h3 34. g4+ Kf4 35. Kh2 Kf3 36. Kxh3 e3 37. Ra3 Re8 38. g5+ 1-0

[Event "Medellin op 2nd"]
[Site "Medellin"]
[Date "2019.05.08"]
[Round "1.4"]
[White "Ceron, Deisy Adriana"]
[Black "Berrio Suarez, Yina Patricia"]
[Result "0-1"]
[WhiteElo "1243"]
[BlackElo "1325"]
[PlyCount "30"]
[EventDate "2019.05.08"]
[EventType "swiss"]
[EventRounds "6"]
[EventCountry "COL"]
[SourceTitle "EXT 2024"]
[Source "ChessBase"]
[SourceDate "2023.10.10"]
[SourceVersion "1"]
[SourceVersionDate "2023.10.10"]
[SourceQuality "1"]

1. d4 Nf6 2. Nf3 d5 3. Bf4 e6 4. e3 Be7 5. Bd3 0-0 6. Nbd2 Nbd7 7. Ng5 h6 8. Bh7+ Nxh7 9. Nxh7 Kxh7 10. Qh5 e5 11. Qh3 exf4 12. Qh5 fxe3 13. Nf3 Kg8 14. Ng5 exf2+ 15. Kxf2 Ne5 0-1

[Event "Pan American IBCA-ch 7th"]
[Site "San Luis"]
[Date "2018.11.05"]
[Round "4.16"]
[White "Berrio Suarez, Yina Patricia"]
[Black "Salazar Ticeran, Antonio H"]
[Result "1-0"]
[WhiteElo "1256"]
[BlackElo "1834"]
[PlyCount "80"]
[EventDate "2018.11.04"]
[EventType "swiss"]
[EventRounds "7"]
[EventCountry "ARG"]
[SourceTitle "EXT 2024"]
[Source "ChessBase"]
[SourceDate "2023.10.10"]
[SourceVersion "1"]
[SourceVersionDate "2023.10.10"]
[SourceQuality "1"]

1. e4 c5 2. Nf3 Nc6 3. c3 Nf6 4. Qc2 e5 5. Bc4 a6 6. 0-0 b5 7. Bb3 Bb7 8. d3 b4 9. Nbd2 a5 10. a3 Be7 11. axb4 axb4 12. Rxa8 Bxa8 13. Bc4 Na5 14. cxb4 Nxc4 15. Nxc4 cxb4 16. Ncxe5 0-0 17. Qb3 Bb7 18. Ng5 d5 19. Re1 h6 20. Ngf3 dxe4 21. dxe4 Bxe4 22. Bd2 Bd6 23. Bxb4 Bd5 24. Qc3 Ne4 25. Qd4 Bxb4 26. Qxb4 f6 27. Ng6 Re8 28. Rd1 Qb8 29. Qxb8 Rxb8 30. Rxd5 Rxb2 31. h3 Kf7 32. Nf4 g5 33. Nd3 Rb1+ 34. Nfe1 h5 35. g4 Kg6 36. Kg2 h4 37. Rd4 Nc3 38. Nc2 Ne2 39. Rd6 Nf4+ 40. Kh2 Rb2 1-0

[Event "COL-ch visual limited (Women)"]
[Site "Barranquilla"]
[Date "2017.11.11"]
[Round "4.2"]
[White "Berrio Suarez, Yina Patricia"]
[Black "Franco, Yolima"]
[Result "1-0"]
[WhiteElo "1268"]
[BlackElo "1688"]
[PlyCount "62"]
[EventDate "2017.11.09"]
[EventType "swiss"]
[EventRounds "5"]
[EventCountry "COL"]
[SourceTitle "EXT 2024"]
[Source "ChessBase"]
[SourceDate "2023.10.10"]
[SourceVersion "1"]
[SourceVersionDate "2023.10.10"]
[SourceQuality "1"]

1. e4 c5 2. c3 Nf6 3. e5 Nd5 4. Nf3 Nc6 5. Bc4 e6 6. 0-0 Qc7 7. d4 cxd4 8. cxd4 Nce7 9. Bb3 b5 10. Qd2 Ng6 11. Bxd5 exd5 12. Nc3 Qb7 13. a3 Be7 14. Re1 0-0 15. Qd3 a6 16. Be3 b4 17. axb4 Bxb4 18. Rab1 d6 19. Bd2 Be6 20. Rbc1 Rfe8 21. h3 Red8 22. Ne2 a5 23. Bxb4 Qxb4 24. Qc3 Bf5 25. Qxb4 axb4 26. Ng3 Bc8 27. exd6 Be6 28. Rc6 h6 29. Ne5 Nf4 30. d7 f6 31. Ng6 Nxg6 1-0

[Event "COL pre olympic (Women) sf2"]
[Site "Cartagena"]
[Date "2016.05.09"]
[Round "7"]
[White "Rozo, Claudia Magally"]
[Black "Berrio Suarez, Yina Patricia"]
[Result "1-0"]
[WhiteElo "1698"]
[BlackElo "1496"]
[PlyCount "65"]
[EventDate "2016.05.04"]
[EventType "swiss"]
[EventRounds "7"]
[EventCountry "COL"]
[SourceTitle "EXT 2018"]
[Source "ChessBase"]
[SourceDate "2017.10.13"]
[SourceVersion "1"]
[SourceVersionDate "2017.10.13"]
[SourceQuality "1"]

1. d4 Nf6 2. Nf3 g6 3. Bf4 Bg7 4. Nbd2 d6 5. e4 Nbd7 6. Bc4 0-0 7. 0-0 Qe8 8. c3 e5 9. Bg3 Nh5 10. a4 Nb6 11. Bb3 Nxg3 12. fxg3 Kh8 13. a5 Nd7 14. Ng5 f6 15. Ne6 Qe7 16. Nxf8 Nxf8 17. d5 f5 18. Qf3 Bd7 19. Bc2 fxe4 20. Bxe4 a6 21. Nc4 Rb8 22. Ne3 Bc8 23. Ng4 Nd7 24. b4 b6 25. Qe3 bxa5 26. Rxa5 Nb6 27. Qe2 Bxg4 28. Qxg4 Nc4 29. Bxg6 Nxa5 30. Rf7 Qd8 31. Bxh7 Bf6 32. Qh5 Bg7 33. Bg6+ 1-0

[Event "COL-ch Visually limited (Women)"]
[Site "Ibague"]
[Date "2015.11.28"]
[Round "1.5"]
[White "Ruiz, Luz Alba"]
[Black "Berrio Suarez, Yina Patricia"]
[Result "0-1"]
[WhiteElo "1190"]
[BlackElo "1496"]
[PlyCount "25"]
[EventDate "2015.11.28"]
[EventType "swiss"]
[EventRounds "5"]
[EventCountry "COL"]
[SourceTitle "EXT 2024"]
[Source "ChessBase"]
[SourceDate "2023.10.10"]
[SourceVersion "1"]
[SourceVersionDate "2023.10.10"]
[SourceQuality "1"]

1. d4 d5 2. Bf4 e6 3. e3 Nf6 4. Nf3 Be7 5. Nc3 0-0 6. b3 Nbd7 7. Bd3 b6 8. 0-0 Bb7 9. Qd2 c5 10. Qe2 h6 11. h3 Qc8 12. Qd2 Re8 13. Be2 0-1

[Event "COL-chT"]
[Site "Villavicencio"]
[Date "2014.08.17"]
[Round "5.4"]
[White "Pinillo Canon, Silvana"]
[Black "Berrio Suarez, Yina Patricia"]
[Result "1-0"]
[WhiteElo "1553"]
[BlackElo "1516"]
[PlyCount "55"]
[EventDate "2014.08.15"]
[EventType "team-swiss"]
[EventRounds "6"]
[EventCountry "COL"]
[SourceTitle "EXT 2015"]
[Source "ChessBase"]
[SourceDate "2014.11.20"]
[SourceVersion "1"]
[SourceVersionDate "2014.11.20"]
[SourceQuality "1"]
[WhiteTeam "Tolima (W)"]
[BlackTeam "Bolivar (W)"]
[WhiteTeamCountry "COL"]
[BlackTeamCountry "COL"]

1. e4 e5 2. Nf3 d6 3. d4 Nd7 4. dxe5 dxe5 5. Bc4 Bc5 6. Ng5 Nh6 7. 0-0 0-0 8. h3 Nf6 9. Nc3 a6 10. Nf3 b5 11. Bd3 Re8 12. Bxh6 gxh6 13. Qd2 Bf8 14. Ne2 Bg7 15. Ng3 Bb7 16. Rfe1 Re6 17. Nf5 Ne8 18. Nh2 Qg5 19. Qe2 h5 20. Nf3 Qd8 21. N3h4 Qg5 22. Qf3 c5 23. b3 Rc8 24. c4 b4 25. Re3 Kf8 26. Qe2 Qd8 27. Qxh5 h6 28. Rg3 1-0

[Event "La Candelaria Cup"]
[Site "Complejo de Raquetas"]
[Date "2013.02.02"]
[Round "5"]
[White "Gomez Guardo, Laura Melissa"]
[Black "Berrio Suarez, Yina Patricia"]
[Result "1-0"]
[WhiteElo "1830"]
[BlackElo "1643"]
[PlyCount "91"]
[EventDate "2013.01.30"]
[EventType "swiss"]
[EventRounds "7"]
[EventCountry "COL"]
[SourceTitle "CBM 152 Extra"]
[Source "ChessBase"]
[SourceDate "2013.02.25"]
[SourceVersion "1"]
[SourceVersionDate "2013.02.25"]
[SourceQuality "1"]

1. d4 d6 2. c4 c6 3. Nf3 Nd7 4. Nc3 e5 5. dxe5 dxe5 6. e3 Be7 7. Ne4 Qc7 8. Bd2 Ngf6 9. Nxf6+ Bxf6 10. Bc3 0-0 11. Qc2 Re8 12. Be2 e4 13. Nd2 Bxc3 14. Qxc3 Nf6 15. h3 Be6 16. 0-0 Rad8 17. Nb3 Bc8 18. Rfd1 a6 19. c5 Nd5 20. Qe1 Qe5 21. Rab1 Qg5 22. Kh1 f5 23. Bc4 Kh8 24. Bxd5 cxd5 25. Nd4 f4 26. exf4 Qxf4 27. Qd2 Qxd2 28. Rxd2 h6 29. Rbd1 Rd7 30. c6 bxc6 31. Nxc6 Rd6 32. Nb4 Bb7 33. Rc1 d4 34. Rc7 Bc8 35. Nc2 d3 36. Ne3 Be6 37. b3 a5 38. Ra7 Rc8 39. Rxa5 Rc1+ 40. Kh2 Re1 41. Rc5 Re2 42. Nf1 Rxd2 43. Nxd2 Bf7 44. Rc1 Bg6 45. a4 Rf6 46. Kg3 1-0

[Event "La Candelaria Cup"]
[Site "Complejo de Raquetas"]
[Date "2013.02.01"]
[Round "3"]
[White "Berrio Suarez, Yina Patricia"]
[Black "Raad, Bernardo"]
[Result "0-1"]
[WhiteElo "1643"]
[BlackElo "1692"]
[PlyCount "26"]
[EventDate "2013.01.30"]
[EventType "swiss"]
[EventRounds "7"]
[EventCountry "COL"]
[SourceTitle "CBM 152 Extra"]
[Source "ChessBase"]
[SourceDate "2013.02.25"]
[SourceVersion "1"]
[SourceVersionDate "2013.02.25"]
[SourceQuality "1"]

1. e4 e5 2. c3 Nf6 3. d3 d5 4. Nf3 Nc6 5. Be3 dxe4 6. dxe4 Qxd1+ 7. Kxd1 Nxe4 8. Bb5 f6 9. Kc2 Bf5 10. Kc1 Bc5 11. Bxc5 Nxc5 12. Rd1 a6 13. Ba4 Nxa4 0-1